00982nam a2200289 i 4500001001000000003000900010005001700019007000300036008004100039040003000080082003000110100004400140245004100184250001300225264004200238300002800280336002700308337003300335338002800368590002800396650002700424650003100451910003700482942001400519952014200533999001700675000034546DO-SdBNP20260321073642.0ta091204s1984 dr 000 f spa d aDO-SdBNPbspacBNPHUerda 4aRD863.44bB742m, 19842221 a Bosch, Juan, d1909-2001eautor97655513aLa mañosa :bnovela /cJuan Bosch. a12a. ed. aSanto Domingo :bAlfa y Omega,c1984. a220 páginas ;c22 cm. 2rdacontentatextobtxt 2rdamediaasin mediaciónbn 2rdacarrieravolumenbnc aInventariado, 2020 / DG 0aNovela dominicana9223 0aLiteratura dominicana.967 aValidado. Control de calidad MFF 2ddccLBS1 00102ddc51708PDaBNPHUbBNPHUcHDd2011-10-06l0oBNPHU PD RD863.44 B742m, 1984p34546-10r2020-06-25w2020-06-25yLBS1ZNo se presta c34037d34037